000 00721nam a2200253Ia 4500
003 OSt
005 20221006151037.0
006 a|||||r|||| 00| 0
007 ta
008 221006b |||||||| |||| 00| 0 jpn d
024 _a20,756
037 _bGift, Japan Foundation
_cTextual
040 _aEASL
_cEASL
_bjpn
041 _2jpn
_ajpn
082 _aX8(A).42.N3, H6
100 _aTSUCHIYA Takao
_9658070
245 0 _aGendai nihon bunmei shi
_b Dai 8 kan sangyo shi
260 _aTokyo
_bToyo Keizai Shinposha Japan
_c1946
300 _a446p.
_ccm.
490 _v JL
650 _aJL
942 _hX8(A).42.N3, H6
_cTEXL
_2CC
999 _c1088842
_d1088842